Statistics for Name the Animal

Click here to take the quiz!

General Stats

  • This quiz has been taken 31 times
  • The average score is 14 of 16

Answer Stats

Answer% Correct
Bat
100%
Crab
100%
Elephant
100%
Owl
100%
Snail
100%
Tiger
100%
Orca
96%
Seahorse
96%
Eel
88%
Warthog
88%
Ant
84%
Mosquito
80%
Lemur
76%
Toad
72%
Wombat
52%
Pufferfish
48%

Score Distribution

Percentile by Number Answered

Percent of People with Each Score

Your Score History

You have not taken this quiz